[Event "Xtracon Chess Open 2016"]
[Site "Elsinore"]
[Date "2016.07.29"]
[Round "8.102"]
[White "Stake Larsen, Gunnar"]
[Black "Hansen, Ole Foss"]
[Result "1/2-1/2"]
[WhiteElo "2034"]
[BlackElo "1871"]
[PlyCount "130"]
[EventDate "2016.07.23"]

1. d4 d5 2. Nf3 Nf6 3. c4 e6 4. Nc3 Be7 5. Bg5 h6 6. Bh4 O-O 7. e3 b6 8. cxd5
Nxd5 9. Bxe7 Qxe7 10. Nxd5 exd5 11. Be2 Be6 12. O-O c5 13. dxc5 bxc5 14. Rc1
Nd7 15. Qa4 Rfc8 16. b3 Nb6 17. Qf4 a5 18. Bb5 a4 19. bxa4 Qa7 20. Ne5 Qc7 21.
Nc6 Qxf4 22. exf4 Kf8 23. Rxc5 Nxa4 24. Rc2 Nb6 25. h3 Ra3 26. Re1 g6 27. Re3
Rca8 28. Rxa3 Rxa3 29. Nd4 Bd7 30. Bxd7 Nxd7 31. Kf1 Kg7 32. Ke2 Kf6 33. Kd2
Nf8 34. Kc1 Ne6 35. Nxe6 fxe6 36. Re2 Kf5 37. g3 g5 38. fxg5 hxg5 39. Kb2 Ra7
40. f3 Rh7 41. Rh2 e5 42. a4 d4 43. Kb3 Ke6 44. a5 Rf7 45. Rf2 e4 46. f4 e3 47.
Rf1 Kd5 48. Ra1 gxf4 49. gxf4 e2 50. Kc2 Kc4 51. Ra4+ Kb5 52. Ra1 Rxf4 53. Kd2
Rf1 54. Re1 d3 55. h4 Kxa5 56. h5 Kb4 57. h6 Kc4 58. h7 Rf8 59. Rh1 Rh8 60.
Rh4+ Kd5 61. Rh3 Kc4 62. Rh4+ Kd5 63. Rh3 Ke4 64. Re3+ Kf4 65. Rxd3 Rxh7
1/2-1/2

[Event "Xtracon Chess Open 2016"]
[Site "Elsinore"]
[Date "2016.07.29"]
[Round "8.103"]
[White "Arndt, Uwe"]
[Black "Dittrich, Tom"]
[Result "0-1"]
[WhiteElo "2023"]
[BlackElo "1864"]
[PlyCount "102"]
[EventDate "2016.07.23"]

1. d4 Nf6 2. c4 g6 3. Nc3 Bg7 4. e4 d6 5. Nf3 O-O 6. Be2 Na6 7. O-O e5 8. Be3
Ng4 9. Bg5 f6 10. Bd2 Nh6 11. a3 exd4 12. Nxd4 Nc5 13. b4 Ne6 14. Be3 f5 15.
Nxe6 Bxe6 16. Bd4 f4 17. Bxg7 Kxg7 18. Qd4+ Kg8 19. Rad1 f3 20. Bxf3 Rxf3 21.
gxf3 Bh3 22. Qd5+ Kh8 23. Rfe1 Nf7 24. f4 Qh4 25. Qd4+ Kg8 26. Qe3 Bg4 27. Rd3
g5 28. Qg3 Qh5 29. Nd5 Kg7 30. Rb3 c6 31. Qc3+ Kf8 32. Nf6 Qh4 33. Qg3 Be6 34.
Qxh4 gxh4 35. Nxh7+ Ke7 36. Rc1 Rg8+ 37. Ng5 Nxg5 38. fxg5 Rxg5+ 39. Kh1 b5 40.
f4 Rg4 41. Rf3 bxc4 42. Rg1 d5 43. Rxg4 Bxg4 44. Rf2 d4 45. Rd2 d3 46. Kg2 Be2
47. Kf2 c3 48. Rxe2 c2 49. Rd2 c1=Q 50. Rxd3 Qxf4+ 51. Rf3 Qxh2+ 0-1

[Event "Xtracon Chess Open 2016"]
[Site "Elsinore"]
[Date "2016.07.29"]
[Round "8.104"]
[White "Sajjadi, Kimiya"]
[Black "Slettebo, Jan"]
[Result "1-0"]
[WhiteElo "1860"]
[BlackElo "2022"]
[PlyCount "127"]
[EventDate "2016.07.23"]

1. Nf3 Nc6 2. d4 d5 3. c4 e5 4. Nxe5 Nxe5 5. dxe5 d4 6. g3 Be6 7. Bg2 c6 8. O-O
Bxc4 9. Nd2 Bd5 10. Ne4 Qb6 11. Bf4 Bxe4 12. Bxe4 Ne7 13. e3 dxe3 14. Bxe3 Qb5
15. Qc2 Nd5 16. Bxd5 Qxd5 17. e6 O-O-O 18. Rfd1 Qxe6 19. Rxd8+ Kxd8 20. Bxa7
Bd6 21. b4 h5 22. b5 Bc7 23. bxc6 bxc6 24. Qd1+ Qd7 25. Qa4 Rh6 26. Rd1 Rd6 27.
Re1 Re6 28. Rc1 Qd2 29. Rf1 Qa5 30. Qd4+ Ke8 31. Rd1 Re1+ 32. Rxe1+ Qxe1+ 33.
Kg2 Qe5 34. Qxe5+ Bxe5 35. Kf3 f5 36. h4 Ke7 37. a4 Bc7 38. Bd4 g6 39. Be3 Ke6
40. Bd2 Kd5 41. a5 c5 42. Ke3 Kc4 43. a6 Bb8 44. Ba5 Kb5 45. Bc7 Ba7 46. f3
Kxa6 47. Kf4 Kb7 48. Bd8 Kc6 49. Kg5 Kd7 50. Bf6 Ke6 51. Kxg6 c4 52. Bc3 Bf2
53. Kxh5 Bxg3 54. Kg5 Be5 55. Bd2 Bf6+ 56. Kh5 c3 57. Bc1 c2 58. f4 Kf7 59. Ba3
Ke6 60. Bc1 Be7 61. Bb2 Bc5 62. Bc1 Bf2 63. Kg5 Bd4 64. Kg6 1-0

[Event "Xtracon Chess Open 2016"]
[Site "Elsinore"]
[Date "2016.07.29"]
[Round "8.105"]
[White "Olesen, Poul Erik Norgaard"]
[Black "Kyrkjebo, Marte Bakken"]
[Result "0-1"]
[WhiteElo "2020"]
[BlackElo "1860"]
[PlyCount "104"]
[EventDate "2016.07.23"]

1. e4 e5 2. Nf3 Nc6 3. Bb5 a6 4. Ba4 Nf6 5. d3 b5 6. Bb3 Bc5 7. c3 d6 8. O-O h6
9. Nbd2 O-O 10. Re1 Bb6 11. Nf1 Ne7 12. Be3 Bxe3 13. Nxe3 Ng6 14. g3 Be6 15.
Nf5 Qd7 16. N3h4 Nxh4 17. Nxh4 Rfe8 18. Bxe6 fxe6 19. d4 exd4 20. cxd4 e5 21.
Qb3+ Kh8 22. dxe5 dxe5 23. Rad1 Qh3 24. Qf3 Qe6 25. a3 c5 26. Qc3 c4 27. Kg2
Rad8 28. Rxd8 Rxd8 29. Ng6+ Kh7 30. Nxe5 Re8 31. f4 Qb6 32. Qe3 Qd6 33. Re2 Qd1
34. Re1 Qc2+ 35. Qe2 Qb3 36. Rd1 c3 37. bxc3 Qxc3 38. Rd3 Qc1 39. Re3 Rc8 40.
Qe1 Rc2+ 41. Kh3 Qb2 42. Nf3 h5 43. Qb4 Qa2 44. Qd6 Ng4 45. Ng5+ Kh8 46. Qf8+
Qg8 47. Nf7+ Kh7 48. Ng5+ Kh6 49. Qd6+ g6 50. Nf3 Nxe3 51. Qd3 Qc8+ 52. Kh4
Qg4# 0-1

[Event "Xtracon Chess Open 2016"]
[Site "Elsinore"]
[Date "2016.07.29"]
[Round "8.106"]
[White "Opasiak, Dustin Tennessee"]
[Black "Philipsen, William Horup"]
[Result "0-1"]
[WhiteElo "1807"]
[BlackElo "2016"]
[PlyCount "36"]
[EventDate "2016.07.23"]

1. e4 e5 2. Nf3 f5 3. Nxe5 Nc6 4. Qh5+ g6 5. Nxc6 dxc6 6. Qe2 Ne7 7. Nc3 Bg7 8.
d3 O-O 9. Bg5 Qd6 10. Bxe7 Qxe7 11. exf5 Qb4 12. O-O-O Bxf5 13. a3 Qb6 14. Qd2
Rae8 15. Re1 Bh6 16. Qxh6 Rxe1+ 17. Nd1 Qxf2 18. d4 Qxc2# 0-1

[Event "Xtracon Chess Open 2016"]
[Site "Elsinore"]
[Date "2016.07.29"]
[Round "8.107"]
[White "Christensen, Casper"]
[Black "Nordin, Eric"]
[Result "1-0"]
[WhiteElo "2012"]
[BlackElo "1832"]
[PlyCount "65"]
[EventDate "2016.07.23"]

1. e4 d6 2. d4 Nf6 3. Nc3 g6 4. f4 Bg7 5. Nf3 c5 6. Bc4 cxd4 7. Nxd4 Nc6 8. Be3
O-O 9. h3 a6 10. Qd2 Nxd4 11. Bxd4 Qc7 12. Bd3 Rd8 13. Qf2 Re8 14. e5 Nd7 15.
O-O Nc5 16. Be2 Be6 17. g4 f5 18. exf6 Bxf6 19. f5 Bxd4 20. Qxd4 Bf7 21. Nd5
Qc6 22. c4 Bxd5 23. cxd5 Qb6 24. fxg6 hxg6 25. Bd3 Nd7 26. Qxb6 Nxb6 27. Bxg6
Rec8 28. Bf7+ Kg7 29. Be6 Rc2 30. Rf7+ Kg6 31. b3 Rh8 32. Rxe7 Rxh3 33. Bf5+
1-0

[Event "Xtracon Chess Open 2016"]
[Site "Elsinore"]
[Date "2016.07.29"]
[Round "8.108"]
[White "Rasmussen, Morten Fredsgaard"]
[Black "Overgaard, Jorgen"]
[Result "1-0"]
[WhiteElo "1972"]
[BlackElo "1854"]
[PlyCount "55"]
[EventDate "2016.07.23"]

1. d4 d5 2. c4 e6 3. Nf3 c6 4. Nc3 f5 5. Bf4 Nf6 6. e3 Be7 7. Qc2 O-O 8. Bd3
Ne4 9. g4 Na6 10. a3 Nxc3 11. bxc3 g5 12. Be5 dxc4 13. Bxc4 fxg4 14. Bd3 Rxf3
15. Bxh7+ Kf8 16. Qg6 Bf6 17. Rg1 Bxe5 18. dxe5 Qa5 19. Qg8+ Ke7 20. Qxg5+ Kf8
21. Rxg4 Rf7 22. Qh6+ Ke8 23. Rd1 Qxc3+ 24. Kf1 Qxe5 25. Bg6 Ke7 26. Bxf7 Bd7
27. Qh4+ Kxf7 28. Rxd7+ 1-0

[Event "Xtracon Chess Open 2016"]
[Site "Elsinore"]
[Date "2016.07.29"]
[Round "8.109"]
[White "Haagen Larsen, Hans"]
[Black "Bremer, Erik"]
[Result "1-0"]
[WhiteElo "1752"]
[BlackElo "1458"]
[PlyCount "52"]
[EventDate "2016.07.23"]

1. d4 Nf6 2. Bf4 e6 3. e3 d5 4. Nf3 c5 5. c3 Nc6 6. Be2 Be7 7. h3 O-O 8. O-O b6
9. Nbd2 Bb7 10. Qc2 h6 11. Rfd1 Rc8 12. Qa4 Ra8 13. a3 Qe8 14. dxc5 Nd4 15.
Qxe8 Nxe2+ 16. Kf1 Rfxe8 17. Kxe2 bxc5 18. b4 Rac8 19. b5 a5 20. Nb3 a4 21. Na5
Ba8 22. Rab1 d4 23. b6 Bxf3+ 24. gxf3 Rb8 25. cxd4 cxd4 26. e4 Rb7 1-0

[Event "Xtracon Chess Open 2016"]
[Site "Elsinore"]
[Date "2016.07.29"]
[Round "8.110"]
[White "Oe, Oluf"]
[Black "Andersen, Dag"]
[Result "1/2-1/2"]
[WhiteElo "1971"]
[BlackElo "1830"]
[PlyCount "56"]
[EventDate "2016.07.23"]

1. d4 Nf6 2. c4 c5 3. d5 e5 4. Nc3 d6 5. e4 Nbd7 6. Be2 Be7 7. f4 exf4 8. Bxf4
O-O 9. Nf3 Ng4 10. O-O a6 11. Qd2 Nge5 12. Nxe5 Nxe5 13. Bxe5 dxe5 14. Rad1 Bd6
15. Rf2 Bd7 16. Rdf1 Rb8 17. Nd1 b5 18. b3 b4 19. Qb2 a5 20. Ne3 Ra8 21. Nf5
Bxf5 22. Rxf5 Qe7 23. Bd1 Ra6 24. Qf2 Bc7 25. g4 g6 26. Rf6 Rxf6 27. Qxf6 Bd6
28. Kg2 h6 1/2-1/2

[Event "Xtracon Chess Open 2016"]
[Site "Elsinore"]
[Date "2016.07.29"]
[Round "8.111"]
[White "Nielsen, Morten"]
[Black "Maselli, Daniel"]
[Result "1-0"]
[WhiteElo "1965"]
[BlackElo "1751"]
[PlyCount "31"]
[EventDate "2016.07.23"]

1. e4 c5 2. c3 d6 3. d4 cxd4 4. cxd4 Nf6 5. Nc3 e6 6. Bd3 Be7 7. f4 O-O 8. Nf3
a6 9. e5 dxe5 10. fxe5 Nd5 11. h4 b5 12. Bxh7+ Kxh7 13. Ng5+ Kg8 14. Qh5 Bxg5
15. hxg5 f5 16. g6 1-0

[Event "Xtracon Chess Open 2016"]
[Site "Elsinore"]
[Date "2016.07.29"]
[Round "8.112"]
[White "Huse, Sigurd Kjelsbol"]
[Black "Jarve, Edvin"]
[Result "1/2-1/2"]
[WhiteElo "1963"]
[BlackElo "1716"]
[PlyCount "50"]
[EventDate "2016.07.23"]

1. e4 e6 2. d4 d5 3. Nc3 Bb4 4. exd5 exd5 5. Bd3 c6 6. Nge2 Ne7 7. O-O Bf5 8.
a3 Bd6 9. Bg5 f6 10. Bf4 O-O 11. Bxf5 Nxf5 12. Qd3 Bxf4 13. Nxf4 Qd7 14. Rfe1
Nd6 15. Re3 Na6 16. b3 Rae8 17. Rae1 Rxe3 18. Rxe3 Re8 19. Kf1 Rxe3 20. Qxe3
Kf7 21. Qe2 g6 22. Qe3 Nc7 23. a4 Qf5 24. Nd3 Ne6 25. f3 Qg5 1/2-1/2

[Event "Xtracon Chess Open 2016"]
[Site "Elsinore"]
[Date "2016.07.29"]
[Round "8.113"]
[White "Kizatbay, Abyl"]
[Black "Shehzad, Shazil"]
[Result "1-0"]
[WhiteElo "1961"]
[BlackElo "1711"]
[PlyCount "53"]
[EventDate "2016.07.23"]

1. e4 c5 2. Nf3 d6 3. Bb5+ Bd7 4. c4 a6 5. Bxd7+ Qxd7 6. d4 cxd4 7. Nxd4 Nf6 8.
Nc3 Nc6 9. Nd5 Nxd5 10. cxd5 Nxd4 11. Qxd4 Qb5 12. a4 Qc5 13. Qd3 Rc8 14. O-O
g6 15. Bg5 Qb6 16. Rac1 Qd8 17. Rxc8 Qxc8 18. Rc1 Qd7 19. Rc4 Bg7 20. Qc2 f6
21. Rc7 Qg4 22. Be3 b5 23. h3 Qh4 24. Qc6+ Kf8 25. Qxa6 bxa4 26. Qc8+ Kf7 27.
Qe6+ 1-0

[Event "Xtracon Chess Open 2016"]
[Site "Elsinore"]
[Date "2016.07.29"]
[Round "8.114"]
[White "Skjolas, Erling Dyrhaug"]
[Black "Rasmussen, Lars"]
[Result "0-1"]
[WhiteElo "1709"]
[BlackElo "1956"]
[PlyCount "106"]
[EventDate "2016.07.23"]

1. c4 e5 2. g3 Nf6 3. Bg2 d5 4. cxd5 Nxd5 5. Nc3 Nb6 6. Nf3 Nc6 7. d3 Be7 8.
O-O O-O 9. Be3 Re8 10. d4 exd4 11. Nxd4 Nxd4 12. Bxd4 c6 13. e4 Be6 14. f4 Bc4
15. Rf2 Ba6 16. b3 c5 17. Be3 Qxd1+ 18. Rxd1 Rad8 19. Rfd2 Rxd2 20. Rxd2 Kf8
21. Nd5 Nxd5 22. Rxd5 Rc8 23. Bf1 Bxf1 24. Kxf1 Ke8 25. Rd2 f6 26. Ke2 b6 27.
Rc2 Rd8 28. Rd2 Rc8 29. f5 Rd8 30. Rxd8+ Bxd8 31. Bf4 Kd7 32. e5 fxe5 33. Bxe5
g6 34. fxg6 hxg6 35. h4 Ke6 36. Bb8 a6 37. Kd3 Kd5 38. Bf4 b5 39. Bb8 Bf6 40.
Bf4 c4+ 41. bxc4+ bxc4+ 42. Kc2 Ke4 43. Bd6 Kf3 44. Bf4 Bxh4 45. Kc3 Bxg3 46.
Bg5 Bf4 47. Bd8 g5 48. Kxc4 g4 49. Kd3 Be3 50. Bc7 Bf2 51. Kc4 g3 52. Kb4 g2
53. Bh2 Kg4 0-1

[Event "Xtracon Chess Open 2016"]
[Site "Elsinore"]
[Date "2016.07.29"]
[Round "8.115"]
[White "Ukkelberg, Oyvind"]
[Black "Shehzad, Kasher"]
[Result "1-0"]
[WhiteElo "1956"]
[BlackElo "1656"]
[PlyCount "54"]
[EventDate "2016.07.23"]

1. d4 c6 2. e3 d6 3. f4 Qc7 4. Nf3 Bg4 5. h3 Bf5 6. Bd3 Bxd3 7. Qxd3 Nd7 8. O-O
e5 9. fxe5 dxe5 10. Ng5 Ngf6 11. Qb3 Nb6 12. dxe5 h6 13. Nxf7 Qxf7 14. Qxf7+
Kxf7 15. exf6 gxf6 16. Nc3 Bd6 17. e4 Nc4 18. Bf4 Bxf4 19. Rxf4 Rad8 20. Raf1
Rd6 21. e5 Nxe5 22. Ne4 Rdd8 23. Rxf6+ Kg7 24. Nc5 Rd2 25. R1f5 Nc4 26. Ne6+
Kh7 27. Rf7+ Kg6 1-0

[Event "Xtracon Chess Open 2016"]
[Site "Elsinore"]
[Date "2016.07.29"]
[Round "8.116"]
[White "Holmstrom, Johan Ravnborg"]
[Black "Kyrkjebo, Eirik"]
[Result "0-1"]
[WhiteElo "1942"]
[BlackElo "1590"]
[PlyCount "54"]
[EventDate "2016.07.23"]

1. Nf3 d5 2. g3 Nf6 3. Bg2 c6 4. O-O Bf5 5. b3 Nbd7 6. Bb2 Qc7 7. d4 e6 8. Nbd2
Bd6 9. c4 h5 10. Nh4 g5 11. Nxf5 exf5 12. e3 h4 13. Qf3 hxg3 14. fxg3 g4 15.
Qxf5 Rh5 16. Qd3 Bxg3 17. hxg3 Qxg3 18. Rf5 Ne4 19. Nxe4 Qh2+ 20. Kf1 Rxf5+ 21.
Ke1 Ke7 22. Nf2 Rf6 23. Ne4 dxe4 24. Qxe4+ Re6 25. Qxg4 Qg1+ 26. Kd2 Qxe3+ 27.
Kd1 Qd3+ 0-1

[Event "Xtracon Chess Open 2016"]
[Site "Elsinore"]
[Date "2016.07.29"]
[Round "8.117"]
[White "Saltvedt, Martin"]
[Black "Rogacewicz, Mikolaj"]
[Result "1/2-1/2"]
[WhiteElo "1935"]
[BlackElo "1551"]
[PlyCount "71"]
[EventDate "2016.07.23"]

1. Nf3 e6 2. c4 Nf6 3. Nc3 d5 4. d4 c6 5. Bg5 h6 6. Bh4 a6 7. e3 dxc4 8. Bxc4
b5 9. Bd3 Nbd7 10. O-O Be7 11. Rc1 Bb7 12. Bb1 Rc8 13. Qe2 O-O 14. Rfd1 Nb6 15.
Qd3 g6 16. Ne5 Qe8 17. f4 Nbd7 18. Rf1 c5 19. Qe2 Nxe5 20. fxe5 Nd7 21. Bg3 Nb6
22. Ne4 Bd5 23. Qg4 Nc4 24. Bf4 Bxe4 25. Bxe4 Kg7 26. Rc2 Qd8 27. b3 Na3 28.
Rcf2 h5 29. Qd1 c4 30. d5 exd5 31. Bxd5 c3 32. e6 c2 33. Qa1+ Bf6 34. Be5 Bxe5
35. Qxe5+ f6 36. Qb2 1/2-1/2

[Event "Xtracon Chess Open 2016"]
[Site "Elsinore"]
[Date "2016.07.29"]
[Round "8.118"]
[White "Hansen, Simon L"]
[Black "Westerlund, Ola"]
[Result "0-1"]
[WhiteElo "1636"]
[BlackElo "1930"]
[PlyCount "108"]
[EventDate "2016.07.23"]

1. Nf3 g6 2. g3 Bg7 3. Bg2 d6 4. c4 Nf6 5. d4 O-O 6. O-O c6 7. Nc3 Nbd7 8. e4
e5 9. d5 Nc5 10. Qc2 cxd5 11. cxd5 Bd7 12. b4 Na6 13. Ba3 b5 14. Nd2 Rc8 15.
Rac1 Bh6 16. Qd3 Qb6 17. Rc2 Nh5 18. Ne2 f5 19. Rxc8 Bxc8 20. Bf3 Nf6 21. exf5
gxf5 22. Bg2 Bd7 23. Nb1 Nc7 24. Nbc3 Bc8 25. Rd1 Ne4 26. Rf1 Nd2 27. Rd1 Nc4
28. Bc1 Bxc1 29. Rxc1 a6 30. Qc2 Bb7 31. a4 Qa7 32. axb5 Na3 33. Qa4 Naxb5 34.
Nxb5 Nxb5 35. Ra1 Qa8 36. Qb3 Rc8 37. Qf3 Rf8 38. Qb3 Qe8 39. Nc3 Nd4 40. Qd1
Qf7 41. Ra5 Rc8 42. Ne2 Qh5 43. Ra2 Nf3+ 44. Bxf3 Qxf3 45. Ra5 Rc7 46. Qd2 f4
47. gxf4 Rg7+ 48. Kf1 Qh1+ 49. Ng1 Rxg1+ 50. Ke2 Qe4+ 51. Qe3 Qc2+ 52. Kf3 Qd1+
53. Qe2 e4+ 54. Ke3 Re1 0-1

[Event "Xtracon Chess Open 2016"]
[Site "Elsinore"]
[Date "2016.07.29"]
[Round "8.119"]
[White "Rasmussen, Morten(1956)"]
[Black "Kaasen, Tor Fredrik"]
[Result "0-1"]
[WhiteElo "1808"]
[BlackElo "2219"]
[PlyCount "50"]
[EventDate "2016.07.23"]

1. d4 Nf6 2. c4 g6 3. f3 Bg7 4. e4 d6 5. Nc3 O-O 6. Be3 c5 7. Nge2 Nc6 8. Qd2
Qa5 9. d5 Ne5 10. Nc1 a6 11. Be2 b5 12. cxb5 axb5 13. Bxb5 Ba6 14. Bxa6 Qxa6
15. Qe2 Rfb8 16. Qxa6 Rxa6 17. b3 Nfd7 18. Kd2 Nc4+ 19. bxc4 Rb2+ 20. Kd1 Bxc3
21. Ne2 Bg7 22. a3 Nb6 23. Rc1 Rxa3 24. Bg5 h6 25. Bd2 Raa2 0-1

[Event "Xtracon Chess Open 2016"]
[Site "Elsinore"]
[Date "2016.07.29"]
[Round "8.120"]
[White "Rose, Dennis Lauge"]
[Black "Nielsen, Jorgen Lovgren"]
[Result "0-1"]
[WhiteElo "1814"]
[BlackElo "2085"]
[PlyCount "66"]
[EventDate "2016.07.23"]

1. f4 e5 2. fxe5 d6 3. exd6 Bxd6 4. Nf3 g5 5. g3 h5 6. d3 f6 7. c3 h4 8. Qa4+
Bd7 9. Qe4+ Ne7 10. gxh4 g4 11. Ng5 Bc6 12. Qe6 fxg5 13. Qf6 Rf8 14. Qxg5 Bxh1
15. Qh5+ Rf7 16. Qxg4 Qd7 17. Qh5 Qf5 18. Qxf5 Nxf5 19. h5 Bxh2 20. Bh3 Bg3+
21. Kd1 Nd7 22. e4 Bf3+ 23. Kc2 Nd6 24. h6 O-O-O 25. Be3 Bf4 26. Bxf4 Rxf4 27.
e5 Nf5 28. e6 Nf6 29. Nd2 Re8 30. Re1 Kd8 31. h7 Nxh7 32. Re5 Nd6 33. Re3 Bg4
0-1

[Event "Xtracon Chess Open 2016"]
[Site "Elsinore"]
[Date "2016.07.29"]
[Round "8.121"]
[White "Rasmussen, Jonas H"]
[Black "Molgaard, Steen"]
[Result "1-0"]
[WhiteElo "1805"]
[BlackElo "2078"]
[PlyCount "147"]
[EventDate "2016.07.23"]

1. d4 Nf6 2. c4 e6 3. Nf3 d5 4. Nc3 Nbd7 5. e3 Be7 6. Be2 O-O 7. O-O c6 8. cxd5
exd5 9. Bd2 Ne4 10. Bd3 Ndf6 11. Qc2 Nd6 12. Rfe1 g6 13. e4 dxe4 14. Nxe4 Nfxe4
15. Bxe4 Bf6 16. Bf4 Re8 17. Bxc6 Rxe1+ 18. Rxe1 Bf5 19. Qc5 Rc8 20. Qxd6 Qxd6
21. Bxd6 bxc6 22. Bc5 Be6 23. a3 Rb8 24. b4 a6 25. h3 Rd8 26. Ne5 Bd5 27. Nd7
Bg5 28. Nb6 Kg7 29. Nxd5 Rxd5 30. Re8 Bc1 31. Ra8 Bxa3 32. Rxa6 Bb2 33. Rxc6
Bxd4 34. Rd6 Rxc5 35. bxc5 Bxc5 36. Rd5 Bb4 37. f3 h5 38. Kf2 Kf6 39. Ke3 Ba3
40. Rb5 Bc1+ 41. Ke4 Bd2 42. g4 hxg4 43. hxg4 Bc1 44. Rc5 Bd2 45. Rc2 Bb4 46.
f4 Ba3 47. Rc6+ Kg7 48. f5 gxf5+ 49. Kxf5 Bb2 50. Rc5 Bd4 51. Rd5 Bc3 52. Rd7
Bb2 53. Rb7 Bc3 54. Kg5 Bd2+ 55. Kf5 Bc3 56. Rb6 Bd4 57. Rd6 Bc3 58. Ke4 Bb2
59. Kd5 f6 60. Ke4 Kg6 61. Rc6 Be5 62. Rc8 Bh2 63. Rh8 Bd6 64. Rg8+ Kf7 65. Rd8
Bg3 66. Kf5 Bh4 67. Rd7+ Kg8 68. Kg6 Kf8 69. Rf7+ Kg8 70. Rxf6 Bxf6 71. Kxf6
Kf8 72. g5 Kg8 73. Kg6 Kh8 74. Kf7 1-0

[Event "Xtracon Chess Open 2016"]
[Site "Elsinore"]
[Date "2016.07.29"]
[Round "8.122"]
[White "Stray, Gunnar"]
[Black "Nielsen, Jens Holm"]
[Result "1-0"]
[WhiteElo "2074"]
[BlackElo "1801"]
[PlyCount "57"]
[EventDate "2016.07.23"]

1. d4 d5 2. Nf3 Nf6 3. e3 c6 4. Bd3 g6 5. O-O Bg7 6. Nbd2 O-O 7. c4 Nbd7 8. h3
Re8 9. e4 dxe4 10. Nxe4 Nxe4 11. Bxe4 Qb6 12. Rb1 e5 13. Nxe5 Nxe5 14. dxe5
Rxe5 15. Be3 c5 16. Bc2 a5 17. a3 Re8 18. b4 Qe6 19. Bxc5 Qxc4 20. Ba4 b5 21.
Rc1 Qe2 22. Qxe2 Rxe2 23. Bxb5 Ra2 24. Bc6 Rb8 25. Ba7 Rb7 26. Bxb7 Bxb7 27.
bxa5 Rxa3 28. Rb1 Bc8 29. Rfc1 1-0

[Event "Xtracon Chess Open 2016"]
[Site "Elsinore"]
[Date "2016.07.29"]
[Round "8.123"]
[White "Sather, Lars"]
[Black "Schrodt, Sebastian"]
[Result "0-1"]
[WhiteElo "1799"]
[BlackElo "2060"]
[PlyCount "60"]
[EventDate "2016.07.23"]

1. e4 d6 2. f4 g6 3. c4 c5 4. Nf3 Bg7 5. Nc3 Nc6 6. d3 a6 7. Be3 Rb8 8. d4 cxd4
9. Nxd4 Nh6 10. Be2 O-O 11. O-O f5 12. Bf3 fxe4 13. Bxe4 Ng4 14. Nxc6 bxc6 15.
Bc1 Qb6+ 16. Kh1 Nf2+ 17. Rxf2 Qxf2 18. Bxc6 Rxb2 19. Bxb2 Qxb2 20. Rc1 Bxc3
21. Rc2 Bg4 22. Qd5+ e6 23. Rxb2 exd5 24. Bxd5+ Kh8 25. Rb6 Rxf4 26. g3 Rxc4
27. Rb8+ Kg7 28. Rb6 Bd4 29. Rxd6 Rc1+ 30. Kg2 Rg1# 0-1

[Event "Xtracon Chess Open 2016"]
[Site "Elsinore"]
[Date "2016.07.29"]
[Round "8.124"]
[White "Zakariassen, Tom"]
[Black "Weber, Samuel"]
[Result "0-1"]
[WhiteElo "1797"]
[BlackElo "2031"]
[PlyCount "72"]
[EventDate "2016.07.23"]

1. f4 d5 2. Nf3 c5 3. e3 Nf6 4. d4 cxd4 5. exd4 a6 6. Bd3 Nc6 7. c3 Bg4 8. Be3
e6 9. O-O Bd6 10. Qc2 Bxf3 11. Rxf3 Qc7 12. Nd2 Ng4 13. g3 Rc8 14. Rc1 Qb6 15.
Qb3 Qa7 16. Re1 O-O 17. h3 Nxe3 18. Rfxe3 b5 19. Nf3 Na5 20. Qd1 g6 21. Ne5 Nc4
22. Nxc4 bxc4 23. Bb1 Qb6 24. Qc2 Rb8 25. Rxe6 fxe6 26. Rxe6 Rb7 27. Rxg6+ hxg6
28. Qxg6+ Rg7 29. Qe6+ Rff7 30. Bg6 Rxg6 31. Qxg6+ Rg7 32. Qe6+ Kf8 33. Qf6+
Rf7 34. Qh6+ Ke7 35. Qg5+ Kd7 36. Qg4+ Kc7 0-1

[Event "Xtracon Chess Open 2016"]
[Site "Elsinore"]
[Date "2016.07.29"]
[Round "8.125"]
[White "Arbeus, Carl Johan"]
[Black "Krokay, Urszula"]
[Result "0-1"]
[WhiteElo "1784"]
[BlackElo "2003"]
[PlyCount "146"]
[EventDate "2016.07.23"]

1. c4 Nf6 2. Nc3 e5 3. g3 d5 4. cxd5 Nxd5 5. Bg2 Ne7 6. Nf3 Nbc6 7. O-O g6 8.
d3 Bg7 9. Be3 O-O 10. Rc1 Nd4 11. Bxd4 exd4 12. Nb5 c6 13. Na3 Be6 14. b3 Nd5
15. Qd2 Re8 16. Nc4 Bg4 17. h3 Bxf3 18. Bxf3 Qd7 19. Bg2 Qe6 20. Rfe1 Rad8 21.
e4 dxe3 22. Nxe3 Bh6 23. Bxd5 cxd5 24. Qa5 Kg7 25. Ng4 Qf5 26. Nxh6 Kxh6 27.
Qd2+ Kg7 28. Kh2 d4 29. Rxe8 Rxe8 30. Rc4 Qd5 31. Qf4 Rd8 32. a4 a6 33. b4 Rd6
34. h4 b6 35. a5 b5 36. Rc5 Qe6 37. Re5 Qd7 38. Qe4 Rf6 39. Kg2 Qd6 40. Rc5 Re6
41. Qb7 Re1 42. Qd5 Re6 43. Qxd6 Rxd6 44. g4 Kf6 45. Kf3 Ke7 46. Ke4 Rf6 47. f4
Rd6 48. Rd5 Rc6 49. Kxd4 Rc1 50. Rc5 Rf1 51. Ke3 Kd6 52. h5 Rb1 53. hxg6 hxg6
54. Rc8 Rxb4 55. Ra8 g5 56. Rxa6+ Kc5 57. fxg5 Rxg4 58. Rf6 Rxg5 59. Rxf7 Rg6
60. Rf1 Ra6 61. d4+ Kb4 62. Ra1 Kc3 63. d5 b4 64. d6 Rxd6 65. a6 Re6+ 66. Kf4
Re8 67. a7 Ra8 68. Ra6 b3 69. Rc6+ Kb4 70. Rb6+ Kc4 71. Rb7 Kc3 72. Rc7+ Kb2
73. Ke5 Ka2 0-1

[Event "Xtracon Chess Open 2016"]
[Site "Elsinore"]
[Date "2016.07.29"]
[Round "8.126"]
[White "Garberg, Tore"]
[Black "Nielsen, Kai Gylling"]
[Result "1-0"]
[WhiteElo "1989"]
[BlackElo "1780"]
[PlyCount "151"]
[EventDate "2016.07.23"]

1. e4 c6 2. c4 d5 3. e5 d4 4. Nf3 c5 5. b4 cxb4 6. a3 e6 7. Bb2 Nc6 8. g3 Bc5
9. d3 Nge7 10. Bg2 Qc7 11. O-O O-O 12. Re1 Ng6 13. Qe2 b6 14. axb4 Bxb4 15.
Nxd4 Bb7 16. Nb5 Qb8 17. Rd1 a6 18. N5a3 Rd8 19. Nc2 a5 20. Nba3 Nce7 21. f3
Nf5 22. d4 Qc7 23. Nb5 Qe7 24. g4 Nfh4 25. Bh1 Nf4 26. Qe3 Qg5 27. Kf1 Qh6 28.
Nxb4 axb4 29. Nd6 Ba6 30. Rac1 Nhg6 31. Rd2 Qh3+ 32. Kg1 Qh6 33. Kf1 Qh3+ 34.
Ke1 h5 35. gxh5 Qxh5 36. Qf2 Qg5 37. Qg3 Qh6 38. Rcc2 Ra7 39. Kd1 Bb7 40. Bc1
Qh4 41. Rb2 Qe7 42. Rxb4 Ra6 43. h4 Bc6 44. Qg5 Qxg5 45. hxg5 Ra1 46. Nb5 Nh4
47. Kc2 Ra2+ 48. Bb2 Bxf3 49. Bxf3 Nxf3 50. Rf2 Ne1+ 51. Kb1 Rxb2+ 52. Rbxb2
Ned3 53. Nd6 Nxf2 54. Rxf2 Nh3 55. Rg2 Nf4 56. Rg4 Ne2 57. Kc2 Ra8 58. c5 Ra4
59. c6 Ra2+ 60. Kb3 Nc1+ 61. Kc4 Rb2 62. Rg3 Rc2+ 63. Kb5 Rb2+ 64. Ka6 Rc2 65.
Kb7 Na2 66. Rb3 Nc3 67. Rxc3 Rxc3 68. c7 f5 69. exf6 gxf6 70. gxf6 Kf8 71. Kxb6
Rc2 72. Kb7 Rb2+ 73. Kc6 Rc2+ 74. Kd7 Rc1 75. c8=R+ Rxc8 76. Kxc8 1-0

[Event "Xtracon Chess Open 2016"]
[Site "Elsinore"]
[Date "2016.07.29"]
[Round "8.127"]
[White "Rasmussen, Henning"]
[Black "Kyrkjebo, Hanna Bakken"]
[Result "1/2-1/2"]
[WhiteElo "1779"]
[BlackElo "1987"]
[PlyCount "83"]
[EventDate "2016.07.23"]

1. d4 d5 2. c4 c6 3. cxd5 cxd5 4. Nc3 Nf6 5. Nf3 Nc6 6. Bf4 a6 7. h3 e6 8. e3
Bd6 9. Bxd6 Qxd6 10. Bd3 O-O 11. a3 b6 12. O-O Bb7 13. b4 Ne7 14. Ne5 b5 15.
Rc1 Ne4 16. Bb1 Rac8 17. Ne2 Nf5 18. Rxc8 Rxc8 19. Nd3 Qe7 20. Nc5 Ned6 21. a4
Nc4 22. Bxf5 exf5 23. axb5 axb5 24. Qc2 g6 25. Ra1 Rc7 26. Ra7 Bc6 27. Rxc7
Qxc7 28. Qa2 Qb6 29. Nf4 Kg7 30. Nfd3 Bb7 31. Nxb7 Qxb7 32. Nc5 h6 33. Qa6 Qb6
34. Qxb6 Nxb6 35. Na6 Na8 36. Kf1 Kf6 37. f3 Ke7 38. Ke2 Kd6 39. Nc5 Nb6 40.
Nb7+ Kc7 41. Nc5 Kd6 42. Nb7+ 1/2-1/2

[Event "Xtracon Chess Open 2016"]
[Site "Elsinore"]
[Date "2016.07.29"]
[Round "8.128"]
[White "Gottschalck, Christian"]
[Black "Svedberg, Hans"]
[Result "0-1"]
[WhiteElo "1778"]
[BlackElo "1985"]
[PlyCount "82"]
[EventDate "2016.07.23"]

1. e4 d6 2. d4 Nf6 3. Bd3 e5 4. Ne2 Be7 5. O-O O-O 6. f4 exd4 7. Nxd4 c5 8. Nf3
d5 9. exd5 Nxd5 10. c3 Nf6 11. Qc2 Qc7 12. Na3 Nc6 13. Nc4 b5 14. Nce5 c4 15.
Bf5 Bxf5 16. Qxf5 g6 17. Qc2 Bc5+ 18. Kh1 Rad8 19. Bd2 Nd5 20. Rae1 Nce7 21.
Qc1 f6 22. Ng4 Nf5 23. Re2 h5 24. Nf2 Rfe8 25. Ne4 Bb6 26. Rfe1 Re7 27. g3 Kg7
28. Kg2 Rde8 29. Kf1 Nde3+ 30. Bxe3 Bxe3 31. Rxe3 Nxe3+ 32. Qxe3 Rxe4 33. Qxe4
Rxe4 34. Rxe4 Qb7 35. Re3 Kf7 36. Kg1 a5 37. Nd4 b4 38. b3 cxb3 39. axb3 Qb6
40. Re6 Qa7 41. Kf1 bxc3 0-1